Quantitative methods for business decisions / (Record no. 2078)

000 -LEADER
fixed length control field 00764nam a2200265 a 4500
001 - CONTROL NUMBER
control field 2858756
003 - CONTROL NUMBER IDENTIFIER
control field OSt
005 - DATE AND TIME OF LATEST TRANSACTION
control field 20160419171144.0
008 - FIXED-LENGTH DATA ELEMENTS--GENERAL INFORMATION
fixed length control field 870629s1985 nyua 001 0 eng
010 ## - LIBRARY OF CONGRESS CONTROL NUMBER
LC control number 85003267
020 ## - INTERNATIONAL STANDARD BOOK NUMBER
International Standard Book Number 9781861529916
040 ## - CATALOGING SOURCE
Original cataloging agency DLC
Transcribing agency DLC
Modifying agency DLC
050 00 - LIBRARY OF CONGRESS CALL NUMBER
Classification number HF5691.C87 1985
082 00 - DEWEY DECIMAL CLASSIFICATION NUMBER
Classification number 519.5/024658
Edition number 19
100 1# - MAIN ENTRY--PERSONAL NAME
Personal name Curwin, Jon.
245 10 - TITLE STATEMENT
Title Quantitative methods for business decisions /
Statement of responsibility, etc Jon Curwin and Roger Slater.
260 ## - PUBLICATION, DISTRIBUTION, ETC. (IMPRINT)
Place of publication, distribution, etc New York :
Name of publisher, distributor, etc Van Nostrand Reinhold Co.,
Date of publication, distribution, etc 1985.
300 ## - PHYSICAL DESCRIPTION
Extent xii, 343 p. :
Other physical details ill. ;
Dimensions 24 cm.
500 ## - GENERAL NOTE
General note Includes index.
650 #0 - SUBJECT ADDED ENTRY--TOPICAL TERM
Topical term or geographic name as entry element Business mathematics.
650 #0 - SUBJECT ADDED ENTRY--TOPICAL TERM
Topical term or geographic name as entry element Statistics.
700 1# - ADDED ENTRY--PERSONAL NAME
Personal name Slater, Roger.
906 ## - LOCAL DATA ELEMENT F, LDF (RLIN)
a 7
b cbc
c orignew
d 1
e ocip
f 19
g y-gencatlg
942 ## - ADDED ENTRY ELEMENTS (KOHA)
Source of classification or shelving scheme
Koha item type Book
Holdings
Withdrawn status Lost status Source of classification or shelving scheme Damaged status Not for loan Home library Current library Date acquired Total Checkouts Total Renewals Full call number Barcode Date last seen Date checked out Copy number Price effective from Koha item type
          Riara University Library Riara University Library 19/04/2016 3 1 HF5691.C87 1985 5828/15 24/06/2019 13/06/2019 C.1 19/04/2016 Book

Riara University Library,
P.O. Box 49940-00100,
Nairobi, Kenya.